5HLuxD.jpg

KING HENRY VIII SENIOR AND PRIMARY SCHOOL LIBRARY OPAC

The broken ear / (Record no. 1360)

000 -LEADER
fixed length control field 00977cam a2200289 a 4500
001 - CONTROL NUMBER
control field 1622082
003 - CONTROL NUMBER IDENTIFIER
control field OSt
005 - DATE AND TIME OF LATEST TRANSACTION
control field 20221228160605.0
008 - FIXED-LENGTH DATA ELEMENTS--GENERAL INFORMATION
fixed length control field 190711s1978 nyua c 000 0 eng d
020 ## - INTERNATIONAL STANDARD BOOK NUMBER
International Standard Book Number 9780316358507
Qualifying information (pbk) :
020 ## - INTERNATIONAL STANDARD BOOK NUMBER
International Standard Book Number 0316358509
Qualifying information (pbk) :
040 ## - CATALOGING SOURCE
Original cataloging agency KML
Language of cataloging eng
Transcribing agency KML
Description conventions aacr2
Modifying agency KH8
041 1# - LANGUAGE CODE
Language code of text/sound track or separate title eng
Language code of original fre
042 ## - AUTHENTICATION CODE
Authentication code nbic
082 0# - DEWEY DECIMAL CLASSIFICATION NUMBER
Classification number 741.59493 HER
100 0# - MAIN ENTRY--PERSONAL NAME
Personal name Herge.
Relator term author
245 10 - TITLE STATEMENT
Title The broken ear /
Statement of responsibility, etc. Herge.
250 ## - EDITION STATEMENT
Edition statement 1st American ed.
260 ## - PUBLICATION, DISTRIBUTION, ETC.
Place of publication, distribution, etc. New York :
Name of publisher, distributor, etc. Little, Brown and Co,
Date of publication, distribution, etc. c1978.
300 ## - PHYSICAL DESCRIPTION
Extent 62 p :
Other physical details col. ill ;
Dimensions 30 cm.
490 1# - SERIES STATEMENT
Series statement The adventures of Tintin.
500 ## - GENERAL NOTE
General note The adventures of Tintin (Les Aventures de Tintin) is a series of comic strips created by the Belgian artist Georges Re'mi (1907-1983), who wrote under the pen name of Herge.
650 #0 - SUBJECT ADDED ENTRY--TOPICAL TERM
Topical term or geographic name entry element Adventure and adventurers
General subdivision Comic books, strips, etc.
650 #0 - SUBJECT ADDED ENTRY--TOPICAL TERM
Topical term or geographic name entry element Cartoons and comics.
830 #0 - SERIES ADDED ENTRY--UNIFORM TITLE
Uniform title The adventures of Tintin.
942 ## - ADDED ENTRY ELEMENTS (KOHA)
Source of classification or shelving scheme
Koha item type Books - Non Ficton
Holdings
Withdrawn status Lost status Source of classification or shelving scheme Damaged status Not for loan Collection code Permanent Location Current Location Shelving location Date acquired Total Checkouts Total Renewals Full call number Barcode Date last seen Date last checked out Price effective from Koha item type
          Non-Fiction KH8 Primary School Library KH8 Primary School Library Non Fiction 2022-12-28 17 1 741.59493 HER KHPL000003138 2026-01-30 2026-01-12 2022-12-28 Books - Non Ficton

Powered By KH8 IT Dept